| 000 | 00437nam a2200109Ia 4500 | ||
|---|---|---|---|
| 008 | 171204s9999 xx 000 0 und d | ||
| 245 | _aPostdramatic Theatre and the Political: International Perspectives on Contemporary Performance: (Methuen Drama Engage) | ||
| 245 | _cJerome Carroll, Karen Jürs-Munby, and Steve Gile | ||
| 260 | _c2014 | ||
| 650 | _xINTRODUCTION TO THEATRE ARTS | ||
| 856 | _uhttp://down.ebook777.com/034/1408184869.pdf | ||
| 999 |
_c346146 _d346146 |
||